<?xml version="1.0" encoding="UTF-8"?><?xml-stylesheet type="text/xsl" href="static/style.xsl"?><OAI-PMH xmlns="http://www.openarchives.org/OAI/2.0/" xmlns:xsi="http://www.w3.org/2001/XMLSchema-instance" xsi:schemaLocation="http://www.openarchives.org/OAI/2.0/ http://www.openarchives.org/OAI/2.0/OAI-PMH.xsd"><responseDate>2026-06-01T18:57:10Z</responseDate><request verb="GetRecord" identifier="oai:riuma.uma.es:10630/23088" metadataPrefix="marc">https://riuma.uma.es/rest/oai/request</request><GetRecord><record><header><identifier>oai:riuma.uma.es:10630/23088</identifier><datestamp>2026-02-03T12:55:42Z</datestamp><setSpec>com_10630_22985</setSpec><setSpec>com_10630_3139</setSpec><setSpec>com_10630_10</setSpec><setSpec>col_10630_22988</setSpec></header><metadata><record xmlns="http://www.loc.gov/MARC21/slim" xmlns:dcterms="http://purl.org/dc/terms/" xmlns:doc="http://www.lyncode.com/xoai" xmlns:xsi="http://www.w3.org/2001/XMLSchema-instance" xsi:schemaLocation="http://www.loc.gov/MARC21/slim http://www.loc.gov/standards/marcxml/schema/MARC21slim.xsd">
   <leader>00925njm 22002777a 4500</leader>
   <datafield ind2=" " ind1=" " tag="042">
      <subfield code="a">dc</subfield>
   </datafield>
   <datafield ind2=" " ind1=" " tag="720">
      <subfield code="a">González-Brignardello, Marcela Paz</subfield>
      <subfield code="e">author</subfield>
   </datafield>
   <datafield ind2=" " ind1=" " tag="720">
      <subfield code="a">Méndez Zaballos, Laura</subfield>
      <subfield code="e">author</subfield>
   </datafield>
   <datafield ind2=" " ind1=" " tag="260">
      <subfield code="c">2017</subfield>
   </datafield>
   <datafield ind2=" " ind1=" " tag="520">
      <subfield code="a">Se presenta la experiencia de creación e implementación de un practicum desarrollado íntegramente en modalidad virtual, para los itinerarios clínico y educativo del Grado en Psicología. Se acompaña de la argumentación teórica que da soporte a esta metodología innovadora, que utiliza las Tecnologías de la Información y la Comunicación (TIC) y un Learning Management System (LMS) –plataforma virtual- para generar entornos profesionales simulados. Conceptos como fidelidad psicológica y funcional, comunidad de aprendizaje, trabajo colaborativo, diseño basado en competencias y desempeño laboral, dan soporte teórico a un proyecto docente con 13 años de andadura. El objetivo es exponer las claves que han emergido de esta experiencia docente para el desarrollo de modelos similares que, dadas los avances tecnológicos y los desarrollos metodológicos de la educación universitaria actual, no tardarán en complementar, de un modo más habitual, las experiencias formativas de pre y post grado.</subfield>
   </datafield>
   <datafield ind1="8" ind2=" " tag="024">
      <subfield code="a">González-Brignardello, M. P., &amp; Méndez Zaballos, L. (2017). Desarrollo de un PRACTICUM VIRTUAL: fundamentos y claves. Revista Practicum, 2(2), 50-68. https://doi.org/10.24310/RevPracticumrep.v2i2.9858</subfield>
   </datafield>
   <datafield ind1="8" ind2=" " tag="024">
      <subfield code="a">https://hdl.handle.net/10630/23088</subfield>
   </datafield>
   <datafield ind1="8" ind2=" " tag="024">
      <subfield code="a">https://doi.org/10.24310/RevPracticumrep.v2i2.9858</subfield>
   </datafield>
   <datafield tag="653" ind2=" " ind1=" ">
      <subfield code="a">Aprendizaje por experiencia</subfield>
   </datafield>
   <datafield tag="653" ind2=" " ind1=" ">
      <subfield code="a">Tecnologías de la información</subfield>
   </datafield>
   <datafield tag="653" ind2=" " ind1=" ">
      <subfield code="a">Enseñanza -- Metodología</subfield>
   </datafield>
   <datafield ind2="0" ind1="0" tag="245">
      <subfield code="a">Desarrollo de un practicum virtual: fundamentos y claves</subfield>
   </datafield>
</record>
</metadata></record></GetRecord></OAI-PMH>